Normal view
MARC view
- Morgan , Ted
Entry Personal Name
001 - CONTROL NUMBER
- control field: 133914
003 - CONTROL NUMBER IDENTIFIER
- control field: NUST
005 - DATE AND TIME OF LATEST TRANSACTION
- control field: 20260407110844.0
008 - FIXED-LENGTH DATA ELEMENTS
- fixed length control field: 260407|| aca||aabn | a|a d
040 ## - CATALOGING SOURCE
- Original cataloging agency: NUST
- Transcribing agency: NUST
100 ## - HEADING--PERSONAL NAME
- Personal name: Morgan , Ted
670 ## - SOURCE DATA FOUND
- Source citation: Work cat.: (NUST): Morgan , Ted., My Battle of Algiers: A Memoir /, 2005.
